000 00329nam a2200133Ia 4500
008 100328s9999 xx 000 0 und d
082 _b17812
100 _aशेखर
245 _aसुहाग
260 _bशिक्षा भारती
630 _aसुहाग
730 _aसुहाग
942 _cBOOK
999 _c512303
_d512300